| 000 | 03816ngm a22004335a 4500 | ||
|---|---|---|---|
| 005 | 20161106113714.0 | ||
| 007 | vd mvaizu | ||
| 008 | 161105s200? ua 129 g |||| 0| vzara d | ||
| 028 | _bالمؤسسة المصرية العامة للسينما | ||
| 041 |
_hara _jeng |
||
| 082 | 0 | 4 |
_a791.4372 _bأ ر ض _222 |
| 245 | 0 | 2 |
_aالأرض _h[تسجيل مرئي] / _cإنتاج المؤسسة المصرية العامة للسينما ؛ قصة عبد الرحمن الشرقاوي ؛ سيناريو وحوار حسن فؤاد ؛ إخراج يوسف شاهين. |
| 260 |
_aالقاهرة : _bالسبكي فيلم، _c[200?] |
||
| 300 |
_a1 قرص مرئي (129 دق.) : _bنا.، لو. ؛ _c4 3/4 بو. |
||
| 500 | _aعن رواية الكاتب الكبير عبد الرحمن الشرقاوي. | ||
| 500 | _aالأرض هو فيلم مصري درامي من إنتاج سنة 1970. | ||
| 508 | _aسيناريو وحوار، حسن فؤاد ؛ مساعد إخراج، داود السيد، أحمد يس ؛ سكريبت، إبراهيم فتحي ؛ مساعد مخرج أول، أشرف فهمي، محمد حسونة ؛ كلاكيت، سمير الحكيم ؛ مساعد صوت، جلال عبد الحميد، محمد سليمان، جليلة الحريري ؛ المصور، محسن نصر ؛ مدير الإنتاج مصطفى عبد العزيز ؛ تأليف الموسيقى وقيادة الوركسترا علي إسماعيل. | ||
| 511 | _aمحمود المليجي، عزت العلايلي، نجوى إبراهيم، يحيى شاهين، توفيق الدقن، حمدي أحمد، صلاح السعدني، عبد الوارث عسر، علي الشريف ، فاطمة عمارة، عبد المحسن سليم، عبد الرحمن الخميسي، محمد السقا. | ||
| 520 | _aمصر عام 1923 يحدد محمود بك أحد الأقطاعيين للفلاحين عشرة أيام فقط لري أراضيهم ثم يخفضها إلى خمس حتى يستحوذ بباقي الأيام لري أرضه فيثيرون وعلى رأسهم محمد أبو سويلم الفلاح الثائر، يزداد محمود بك عنادا وينزع ملكية أرض بعض الفلاحين لإنشاء طريق يصل قصره بالطريق العمومي، ترسل الحكومة قوات من الهجانة لتأديب الأهالي وإخماد ثورتهم يصاب سويلم أثناء تصديه لهم، يجرجره المأمور على الأرض أمام أهل القرية حتى يكون عبرة لهم وليرغمه للإستسلام ولكنه يظل متمسكا بأرضه. | ||
| 538 | _aقرص مرئي (DVD) | ||
| 546 | _aالفيلم باللغة العربية العربية ويصاحبه ترجمة باللغة الإنجليزية. | ||
| 586 | _aترشح لجائزة السعفة الذهبية لمهرجان كان السينمائي. | ||
| 650 | 0 |
_aالأفلام السينمائية _zمصر _y1970-1999. _2BUEsh |
|
| 650 | 0 |
_aالأفلام الدرامية. _2BUEsh |
|
| 655 | 0 |
_aدراما. _2BUEsh |
|
| 700 | 1 |
_aشرقاوي، عبد الرحمن، _eالراوي. |
|
| 700 | 1 |
_aفؤاد، حسن، _eسيناريست، _eمحاور. |
|
| 700 | 1 |
_aشاهين، يوسف، _eمخرج. |
|
| 700 | 1 |
_aمليجي، محمود، _eممثل. |
|
| 700 | 1 |
_aعلايلي، عزت، _eممثل. |
|
| 700 | 1 |
_aإبراهيم، نجوى، _eممثل. |
|
| 700 | 1 |
_aشاهين، يحيى، _eممثل. |
|
| 700 | 1 |
_aدقن، توفيق، _eممثل. |
|
| 700 | 1 |
_aأحمد، حمدي، _eممثل. _916402 |
|
| 700 | 1 |
_aسعدني، صلاح، _eممثل. |
|
| 700 | 1 |
_aعسر، عبد الوارث، _eممثل. |
|
| 710 | 2 |
_aالمؤسسة المصرية العامة للسينما، _eالمنتج. |
|
| 942 |
_2ddc _cDVD |
||
| 999 |
_c23025 _d22997 |
||